R6 operators by their birth country - Statistics

General Stats
  • This quiz has been taken 34 times
  • The average score is 58 of 74
Answer Stats
Hint Answer % Correct
Buck Canada
100%
Frost Canada
100%
Thunderbird Canada
100%
Ying China
100%
Lesion China
100%
Twitch France
100%
Montagne France
100%
Lion France
100%
Doc France
100%
Rook France
100%
Thermite USA
100%
Blackbeard USA
100%
Maverick USA
100%
Zero USA
100%
Deimos USA
100%
Castle USA
100%
Pulse USA
100%
Valkyrie USA
100%
Warden USA
100%
Capitao Brazil
95%
Brava Brazil
95%
Caveira Brazil
95%
Blitz Germany
95%
Iq Germany
95%
Jager Germany
95%
Bandit Germany
95%
Hibana Japan
95%
Echo Japan
95%
Azami Japan
95%
Glaz Russia
95%
Kapkan Russia
95%
Tachanka Russia
95%
Jackal Spain
95%
Mira Spain
95%
Gridlock Australia
85%
Mozzie Australia
85%
Goyo Mexico
85%
Dokkaebi South Korea
85%
Ram South Korea
85%
Zofia Poland
80%
Ela Poland
80%
Fenrir Sweden
80%
Thatcher England
75%
Smoke England
75%
Mute England
75%
Clash England
75%
Ash Israel
75%
Vigil North Korea
75%
Sledge Scotland
75%
Melusi South Africa
75%
Thorn Ireland
70%
Maestro Italy
70%
Flores Argentina
65%
Kali India
65%
Tubarao Portugal
65%
Nokk Denmark
60%
Nomad Morocco
60%
Kaid Morocco
60%
Rauora New Zealand
60%
Finka Belarus
55%
Ace Norway
55%
Iana Netherlands
50%
Denari Switzerland
50%
Sens Belgium
45%
Alibi Libya
45%
Grim Singapore
45%
Aruni Thailand
45%
Osa Croatia
40%
Oryx Jordan
40%
Amaru Peru
40%
Fuze Uzbekistan
40%
Solis Colombia
35%
Wamai Kenya
35%
Skopos Cyprus
30%
No matching quizzes found
Score Distribution
Percent of People with Each Score
Percentile by Number Answered
Your Score History
You have not taken this quiz